10 plus grandes villes par continent - Statistiques

Statistiques générales
  • Ce quiz a été pris 120 fois
    108 depuis la dernière actualisation
  • Le résultat moyen est 36 sur 60
Statistiques - réponses
Population Villes % Correct
11 276 701 Paris
100%
9 748 033 Londres
99%
3 576 873 Berlin
96%
6 783 241 Madrid
95%
12 712 305 Moscou
94%
19 034 018 New York
94%
12 598 241 Los Angeles
91%
15 618 288 Buenos Aires
86%
22 505 315 Mexico
85%
13 824 347 Rio De Janeiro
85%
4 331 974 Rome
85%
22 806 704 Sao Paulo
84%
5 184 896 Sydney
81%
37 115 035 Tokyo
81%
11 361 938 Lima
80%
22 623 874 Le Caire
78%
22 189 082 Pekin
78%
8 984 226 Chicago
77%
11 658 211 Bogota
76%
16 047 350 Istanbul
76%
5 711 917 Barcelone
73%
29 867 918 Shanghai
71%
6 324 351 Johannesbourg
70%
33 807 403 New Delhi
70%
4 938 274 Brasilia
68%
23 935 652 Dacca
68%
477 567 Canberra
67%
17 032 322 Kinshasa
67%
6 950 952 Santiago
67%
6 431 430 Toronto
67%
16 536 018 Lagos
65%
5 315 600 Melbourne
65%
21 673 149 Mumbai
65%
424 441 Wellington
65%
3 160 631 Milan
62%
5 581 707 Saint Petersbourg
62%
6 317 249 Miami
61%
72 700 000 Canton
57%
5 866 704 Abidjan
54%
6 655 311 Dallas
53%
6 802 326 Houston
52%
1 692 770 Auckland
46%
5 820 617 Philadelphie
44%
2 143 491 Perth
43%
5 696 131 Alexandrie
41%
2 536 449 Brisbane
41%
5 703 328 Addis Abeba
39%
6 192 507 Atlanta
39%
18 967 459 Osaka
37%
1 379 280 Adelaide
34%
9 651 032 Luanda
34%
8 161 231 Dar Es Salaam
32%
6 542 070 Khartoum
32%
17 648 555 Karachi
27%
6 300 409 Belo Horizonte
22%
4 305 127 Recife
20%
4 239 867 Porto Alegre
15%
17 773 923 Chongqing
9%
742 600 Gold Coast
6%
465 145 Newcastle
6%
Aucun quiz correspondant
Distribution des résultats
% des personnes avec chaque résultat
Percentile par nombre de réponses
Votre historique - résultats
Vous n’avez pas pris ce quiz depuis la dernière actualisation